Ricostruisci la Carriera del Calciatore - Aleksandar Kolarov - Statistics

Statistiche generali
  • Questo quiz è stato fatto 25 volte
  • Il punteggio medio è 5 su 6
Statistiche sulle risposte
Hint Risposta % Corretto
2004-2006 Čukarički Stankom
100%
2006-2007 OFK Belgrado
100%
2020-2022 Inter
79%
2010-2017 Manchester City
79%
2017-2020 Roma
79%
2007-2010 Lazio
64%
Nessun quiz corrispondente trovato
Distribuzione punteggi
Percentuale di utenti per punteggio
Percentile per numero di risposta
I tuoi punteggi nel tempo
Non hai fatto questo quiz